Lord of the Rings: Trivia #3 - Statistics

General Stats
  • This quiz has been taken 136 times
    66 since last reset
  • The average score is 11 of 15
Answer Stats
Hint Answer % Correct
Gandalf's horse: Shadowfax
98%
Steward of Gondor: Denethor
93%
King of Rohan: Theoden
90%
Elrond's daughter: Arwen
88%
Bilbo's home: Bag End
88%
Boromir's brother: Faramir
88%
The Brown Wizard: Radagast
83%
Sam's pony: Bill
77%
Butterbur's inn: The Prancing Pony
77%
Legolas's father: Thranduil
77%
Theoden's son: Theodred
68%
Frodo's father: Drogo
58%
Sam's father: Hamfast
53%
Sam's eldest daughter: Elanor
42%
Aragorn's son: Eldarion
25%
No matching quizzes found
Score Distribution
Percent of People with Each Score
Percentile by Number Answered
Your Score History
You have not taken this quiz since the last reset